| 000 | 00483nam a2200193Ia 4500 | ||
|---|---|---|---|
| 005 | 20260429112123.0 | ||
| 008 | 260429s9999||||xx |||||||||||||| ||und|| | ||
| 020 | _a9789389117882 | ||
| 041 | _aEnglish | ||
| 082 |
_a338.9 _bKHA |
||
| 100 | _aKhan, Zeehsan | ||
| 245 | 0 |
_aDevelopment economics / _cZeehsan Khan |
|
| 250 | _a1st ed. | ||
| 260 |
_aDelhi : _bCity Publication, _c2024. |
||
| 300 | _aix, 237 p.; hb | ||
| 650 | _a Development | ||
| 650 | _aEconomics | ||
| 942 | _cTB | ||
| 999 |
_c52455 _d52455 |
||